000
00276nam a2200109Ia 4500
008
200302s9999 xx 000 0 und d
100
_a
Santiago Calatrava
245
_a
Conversations with Students
260
_b
Princeton Architectural Press
260
_c
2002
300
_a
109 P.,
999
_c
2750
_d
2750